| 000 | 00945nam a22002297a 4500 | ||
|---|---|---|---|
| 005 | 20240530110530.0 | ||
| 008 | 160316s2013 ua a g 000 0 ara d | ||
| 017 |
_a2012/21374 _bمصر . دار الكتب المصرية |
||
| 020 | _a9789776223509 | ||
| 040 | _aEG-CaGPL | ||
| 082 | 0 | 4 |
_221 _a341.763\ _bع ح |
| 100 | 0 | _aعبدالعال الديربى . | |
| 245 | 1 | 2 |
_aالحماية الدولية لحقوق العمال فى ضوء احكام القانون الدولى / _cعبدالعال الديربى . |
| 250 | _aط1. | ||
| 260 |
_aالقاهرة : _bالمركز القومى لاصدارات القانونية ، _c2013 . |
||
| 300 |
_a459 ص ؛ _c24 سم . |
||
| 650 | 0 | 4 |
_aالعمل و العمال _xقوانين و تشريعات . |
| 650 | 0 | 4 | _aحقوق الانسان . |
| 650 | 0 | 4 |
_aالعمل و العمال _xالقانون الدولى . |
| 942 |
_2ddc _cBK |
||
| 999 |
_c62067 _d62067 |
||